[Event "Cullera op-A 29th"]
[Site "Cullera"]
[Date "2012.08.27"]
[Round "4"]
[White "Remolar Gallen, Jose"]
[Black "Martin, Axel"]
[Result "1/2-1/2"]
[WhiteElo "2167"]
[BlackElo "2065"]
[PlyCount "51"]
[EventDate "2012.08.25"]
[EventType "swiss"]
[EventRounds "9"]
[EventCountry "ESP"]
[SourceTitle "CBM 150 Extra"]
[Source "ChessBase"]
[SourceDate "2012.10.19"]
[SourceVersion "1"]
[SourceVersionDate "2012.10.19"]
[SourceQuality "1"]

1. e4 e5 2. Nc3 Nf6 3. f4 d5 4. fxe5 Nxe4 5. Nf3 Be7 6. d4 c5 7. Bb5+ Nc6 8. Qe2 Nxc3 9. bxc3 Qa5 10. Bd2 c4 11. Bxc6+ bxc6 12. 0-0 0-0 13. Rae1 Qxa2 14. Bg5 Bxg5 15. Nxg5 h6 16. Nxf7 Rxf7 17. Rxf7 Kxf7 18. Qh5+ g6 19. Qxh6 Bf5 20. g4 Be4 21. Rf1+ Kg8 22. Qf4 Qxc2 23. Qf7+ Kh8 24. Qf6+ Kh7 25. Qe7+ Kh8 26. Qf6+ 1/2-1/2

[Event "Paris-ch op-B 87th"]
[Site "Paris"]
[Date "2012.07.13"]
[Round "7"]
[White "Pluyaud, Benoit"]
[Black "Martin, Axel"]
[Result "1-0"]
[WhiteElo "2150"]
[BlackElo "2066"]
[PlyCount "145"]
[EventDate "2012.07.07"]
[EventType "swiss"]
[EventRounds "9"]
[EventCountry "FRA"]
[SourceTitle "EXT 2013"]
[Source "ChessBase"]
[SourceDate "2012.11.22"]
[SourceVersion "1"]
[SourceVersionDate "2012.11.22"]
[SourceQuality "1"]

1. Nf3 Nf6 2. g3 g6 3. Bg2 Bg7 4. 0-0 0-0 5. d3 d5 6. Nbd2 c5 7. e4 e6 8. Re1 Nc6 9. c3 b6 10. Qa4 Bb7 11. Nf1 d4 12. e5 Nd5 13. c4 b5 14. Qxb5 Ndb4 15. Rd1 Rb8 16. Qa4 Qc7 17. a3 Na6 18. Bf4 Bc8 19. Rab1 Nxe5 20. Nxe5 Bxe5 21. Bh6 Bg7 22. Bxg7 Kxg7 23. b4 Bb7 24. Bxb7 Qxb7 25. b5 Nc7 26. Qc2 e5 27. Qe2 Rbe8 28. Nd2 f5 29. f3 Rf6 30. Re1 Rfe6 31. Qg2 R8e7 32. a4 Ne8 33. Re2 Nf6 34. Rbe1 g5 35. Qh3 Kg6 36. g4 fxg4 37. fxg4 h6 38. Ne4 Nxe4 39. Rxe4 Qc7 40. Qg3 Qa5 41. Rf1 Rf6 42. Rxf6+ Kxf6 43. Re1 Kg6 44. h4 Qd2 45. h5+ Kg7 46. Rf1 e4 47. dxe4 Qe3+ 48. Qxe3 dxe3 49. Rb1 Rxe4 50. Kf1 Rxc4 51. a5 Rxg4 52. b6 axb6 53. axb6 Rf4+ 54. Ke2 Rf8 55. Kxe3 Kf6 56. Ke4 Re8+ 57. Kd5 Rb8 58. Kxc5 Ke5 59. Kc6 Kf4 60. Rh1 Rf8 61. Kc7 Rf7+ 62. Kb8 Rf8+ 63. Ka7 Kg3 64. b7 Rg8 65. b8Q+ Rxb8 66. Kxb8 g4 67. Kc7 Kg2 68. Ra1 g3 69. Kd6 Kh3 70. Ke5 Kg4 71. Rg1 Kxh5 72. Kf4 Kh4 73. Rh1# 1-0

[Event "Paris-ch op-B 87th"]
[Site "Paris"]
[Date "2012.07.12"]
[Round "6"]
[White "Martin, Axel"]
[Black "Hoarau, Adrien"]
[Result "1-0"]
[WhiteElo "2066"]
[BlackElo "2019"]
[PlyCount "63"]
[EventDate "2012.07.07"]
[EventType "swiss"]
[EventRounds "9"]
[EventCountry "FRA"]
[SourceTitle "EXT 2013"]
[Source "ChessBase"]
[SourceDate "2012.11.22"]
[SourceVersion "1"]
[SourceVersionDate "2012.11.22"]
[SourceQuality "1"]

1. e4 e6 2. d4 d5 3. exd5 exd5 4. Nf3 Bd6 5. c4 Qe7+ 6. Be2 Bb4+ 7. Nc3 Nf6 8. 0-0 Bxc3 9. bxc3 0-0 10. Re1 c6 11. Qb3 Re8 12. Bg5 Nbd7 13. cxd5 cxd5 14. Bb5 Qd6 15. Rxe8+ Nxe8 16. Re1 Nc7 17. c4 f6 18. c5 Qf8 19. Bxd7 fxg5 20. Bxc8 Qxc8 21. Nxg5 Qg4 22. Qxb7 Qxg5 23. Qxc7 Qd2 24. Qe5 Rf8 25. Qxd5+ Kh8 26. Rf1 h6 27. c6 Qc2 28. Qd6 Rf6 29. Qd8+ Kh7 30. d5 Qc5 31. c7 Rf8 32. d6 1-0

[Event "Le Touquet op 26th"]
[Site "Le Touquet"]
[Date "2011.10.26"]
[Round "6"]
[White "Dupont, Dany"]
[Black "Martin, Axel"]
[Result "0-1"]
[WhiteElo "1922"]
[BlackElo "2023"]
[PlyCount "46"]
[EventDate "2011.10.22"]
[EventType "swiss"]
[EventRounds "9"]
[EventCountry "FRA"]
[SourceTitle "EXT 2012"]
[Source "ChessBase"]
[SourceDate "2011.11.24"]
[SourceVersion "1"]
[SourceVersionDate "2011.11.24"]
[SourceQuality "1"]

1. e4 e5 2. Nf3 Nc6 3. Bc4 Bc5 4. c3 Nf6 5. d3 0-0 6. 0-0 a6 7. Nbd2 d6 8. Bb3 Kh8 9. Nc4 Ba7 10. Bg5 h6 11. Be3 b5 12. Ncd2 d5 13. Bxa7 Rxa7 14. Qe2 d4 15. cxd4 Nxd4 16. Nxd4 Qxd4 17. Nf3 Qd6 18. d4 Bg4 19. Qe3 Bxf3 20. dxe5 Qxe5 21. Qxa7 Ng4 22. g3 Nxh2 23. Rfe1 Qh5 0-1

[Event "FRA-chT U20 16 GP Haute 1011"]
[Site "France"]
[Date "2011.06.12"]
[Round "9"]
[White "Kirk, Ezra"]
[Black "Martin, Axel"]
[Result "1-0"]
[WhiteElo "2099"]
[BlackElo "1990"]
[PlyCount "129"]
[EventDate "2010.06.20"]
[EventType "team-tourn"]
[EventRounds "11"]
[EventCountry "FRA"]
[SourceTitle "EXT 2015"]
[Source "ChessBase"]
[SourceDate "2014.11.20"]
[SourceVersion "1"]
[SourceVersionDate "2014.11.20"]
[SourceQuality "1"]
[WhiteTeam "Clichy (U20)"]
[BlackTeam "Saint Mande U20"]
[WhiteTeamCountry "FRA"]
[BlackTeamCountry "FRA"]

1. d4 Nf6 2. c4 e6 3. Nc3 Bb4 4. e3 c5 5. Bd3 b6 6. Nf3 Bb7 7. 0-0 0-0 8. a3 Bxc3 9. bxc3 d6 10. Qc2 Nc6 11. Rb1 e5 12. d5 Na5 13. Nd2 Ba6 14. f3 g6 15. e4 Nh5 16. g3 Qd7 17. Qd1 Qh3 18. Rf2 Ng7 19. Qe2 f5 20. exf5 gxf5 21. Bc2 h5 22. Rg2 Kh8 23. Bd3 Rf6 24. Nf1 Rg6 25. Ne3 Re8 26. Nd1 e4 27. Nf2 exd3 28. Qxe8+ Nxe8 29. Nxh3 Nxc4 30. Nf4 Rg7 31. Nxd3 Nf6 32. Nf4 Kg8 33. Ne6 Re7 34. Bg5 Kf7 35. g4 Ne5 36. Bxf6 Kxf6 37. gxh5 Bc4 38. Nf4 Nxf3+ 39. Kf2 Ne5 40. Kg1 Nd3 41. Rg6+ Kf7 42. Nxd3 Bxd3 43. Rb2 f4 44. Rxd6 f3 45. Kf2 Be2 46. Rb1 Re4 47. h6 Rh4 48. Rg1 Rxh2+ 49. Ke3 Kf8 50. Rg7 Rxh6 51. Rxh6 Kxg7 52. Rd6 Kf7 53. Rd7+ Kf6 54. Rxa7 Ke5 55. Rd7 Bc4 56. d6 Ke6 57. Rd8 Bd5 58. Rb8 Kxd6 59. Rxb6+ Kc7 60. Rb2 Bc6 61. c4 Kd6 62. Rb6 Kc7 63. Rxc6+ Kxc6 64. Kxf3 Kb6 65. Ke4 1-0

[Event "FRA-chT U20 16 GP Haute 1011"]
[Site "France"]
[Date "2011.06.12"]
[Round "10"]
[White "Martin, Axel"]
[Black "Barbot, Pierre"]
[Result "0-1"]
[WhiteElo "1990"]
[BlackElo "2238"]
[PlyCount "84"]
[EventDate "2010.06.20"]
[EventType "team-tourn"]
[EventRounds "11"]
[EventCountry "FRA"]
[SourceTitle "EXT 2015"]
[Source "ChessBase"]
[SourceDate "2014.11.20"]
[SourceVersion "1"]
[SourceVersionDate "2014.11.20"]
[SourceQuality "1"]
[WhiteTeam "Saint Mande U20"]
[BlackTeam "Sautron (U20)"]
[WhiteTeamCountry "FRA"]
[BlackTeamCountry "FRA"]

1. e4 c5 2. Nc3 Nc6 3. Bb5 Nd4 4. Bc4 e6 5. Nf3 Nf6 6. 0-0 a6 7. d3 b5 8. Bb3 Nxb3 9. axb3 Bb7 10. e5 Nd5 11. Ne4 f5 12. exf6 Nxf6 13. Nfg5 Be7 14. Qf3 Qb6 15. Nxf6+ Bxf6 16. Qh5+ g6 17. Qg4 0-0 18. Qh3 Bxg5 19. Bxg5 Rf5 20. Bd2 Qc6 21. f3 Qd5 22. Qh4 Qd6 23. Rfe1 b4 24. Re2 Raf8 25. Bh6 Re8 26. Rae1 Qd4+ 27. Qxd4 cxd4 28. Rc1 g5 29. h4 gxh4 30. Bd2 a5 31. c4 h3 32. gxh3 Rxf3 33. Kh2 Kf7 34. Rg1 Rg8 35. Rxg8 Kxg8 36. Bg5 Rxd3 37. Bd8 Rxb3 38. Bxa5 Ba6 39. Rg2+ Kf7 40. c5 e5 41. Kg1 Ke6 42. Bc7 Rxh3 0-1

[Event "FRA-ch U16"]
[Site "Montlucon"]
[Date "2011.04.20"]
[Round "5"]
[White "Martin, Axel"]
[Black "Dutreuil, Raphael"]
[Result "1-0"]
[WhiteElo "2035"]
[BlackElo "1874"]
[PlyCount "55"]
[EventDate "2011.04.17"]
[EventType "swiss"]
[EventRounds "9"]
[EventCountry "FRA"]
[SourceTitle "CBM 142 Extra"]
[Source "ChessBase"]
[SourceDate "2011.06.27"]
[SourceVersion "1"]
[SourceVersionDate "2011.06.27"]
[SourceQuality "1"]

1. e4 c5 2. Nc3 d6 3. Nf3 a6 4. d4 cxd4 5. Nxd4 Nf6 6. Bg5 e6 7. f4 h6 8. Bh4 Nbd7 9. Qf3 Be7 10. 0-0-0 Qc7 11. Bxf6 Nxf6 12. g4 b5 13. g5 hxg5 14. fxg5 Nd7 15. g6 Bg5+ 16. Kb1 Ne5 17. Qg2 f6 18. h4 Rxh4 19. Rxh4 Bxh4 20. Nf3 Nxf3 21. Qxf3 Bg5 22. e5 d5 23. Nxd5 Qb7 24. Nc7+ Ke7 25. Qc3 fxe5 26. Nxa8 Qxa8 27. Qc7+ Kf6 28. Qf7# 1-0

[Event "Paris-ch op-A"]
[Site "Paris"]
[Date "2010.07.09"]
[Round "7"]
[White "Bonnin, Bruno"]
[Black "Martin, Axel"]
[Result "0-1"]
[WhiteElo "1986"]
[BlackElo "1853"]
[PlyCount "120"]
[EventDate "2010.07.03"]
[EventType "swiss"]
[EventRounds "9"]
[EventCountry "FRA"]
[SourceTitle "CBM 137 Extra"]
[Source "ChessBase"]
[SourceDate "2010.09.01"]
[SourceVersion "1"]
[SourceVersionDate "2010.09.01"]
[SourceQuality "1"]

1. Nf3 Nf6 2. g3 b6 3. Bg2 Bb7 4. d3 e6 5. Nbd2 d5 6. 0-0 Be7 7. e4 dxe4 8. Ng5 0-0 9. Ngxe4 Nxe4 10. Nxe4 Qc8 11. Re1 Nd7 12. Qe2 Nf6 13. h4 Nxe4 14. dxe4 Rd8 15. Qg4 e5 16. Qxc8 Raxc8 17. Be3 Rd6 18. f4 f6 19. a4 a5 20. Kf2 Rcd8 21. Bf3 Rc6 22. Rac1 Rc4 23. b3 Rc3 24. Re2 Bc5 25. Bxc5 Rxc5 26. c4 Rc6 27. Rcc2 Kf7 28. Ke3 Ke7 29. h5 h6 30. Bg4 Rd4 31. Bf5 Kd8 32. Rc3 Ke7 33. Bg6 Bc8 34. Rf2 Be6 35. fxe5 fxe5 36. Bf5 Rd1 37. Bxe6 Kxe6 38. Rf8 Rh1 39. Re8+ Kf6 40. Kf2 Rxh5 41. Rf3+ Kg6 42. Re7 Rf6 43. Rxc7 Rh2+ 44. Ke3 Rb2 45. Rf5 Rxb3+ 46. Kf2 Rb4 47. c5 bxc5 48. Rxc5 Rxa4 49. Rcxe5 Ra1 50. g4 a4 51. Ra5 a3 52. Ke2 a2 53. Ra4 Rxf5 54. gxf5+ Kg5 55. e5 Rh1 56. f6 a1Q 57. f7 Qf1+ 58. Ke3 Qxf7 59. Ra5 Rh3+ 60. Ke4 Qc4# 0-1

[Event "Marseille op 2nd "]
[Site "Marseille"]
[Date "2009.12.26"]
[Round "2"]
[White "Martin, Axel"]
[Black "Gaubil, Olivier"]
[Result "1/2-1/2"]
[WhiteElo "1784"]
[BlackElo "2102"]
[PlyCount "77"]
[EventDate "2009.12.26"]
[EventType "swiss"]
[EventRounds "9"]
[EventCountry "FRA"]
[SourceTitle "CBM 134 Extra"]
[Source "ChessBase"]
[SourceDate "2010.03.03"]
[SourceVersion "1"]
[SourceVersionDate "2010.03.03"]
[SourceQuality "1"]

1. e4 e6 2. d4 d5 3. exd5 exd5 4. Nf3 Bd6 5. c4 Qe7+ 6. Be2 Bb4+ 7. Nc3 Nf6 8. 0-0 0-0 9. Bg5 c6 10. Re1 Be6 11. Bd3 Nbd7 12. cxd5 Bxc3 13. bxc3 cxd5 14. c4 dxc4 15. Bxc4 Qd6 16. Bxe6 fxe6 17. Qb3 Nd5 18. Bh4 N7b6 19. Bg3 Qe7 20. Rac1 Rac8 21. h3 Rxc1 22. Rxc1 Rc8 23. Rxc8+ Nxc8 24. Qa4 a6 25. Bh4 Ncb6 26. Qc2 Qc7 27. Qe2 Nf4 28. Qe4 Nbd5 29. Bg3 h6 30. Kh2 Qf7 31. Qc2 Qe8 32. Bxf4 Nxf4 33. Qc7 Qf7 34. Qc8+ Kh7 35. Ne5 Qe7 36. Qc2+ Kg8 37. Qc8+ Kh7 38. Qc2+ Kg8 39. Qc8+ 1/2-1/2

[Event "Paris-ch op-B"]
[Site "Paris"]
[Date "2009.07.12"]
[Round "9"]
[White "Martin, Axel"]
[Black "Amram, Roger"]
[Result "1/2-1/2"]
[WhiteElo "1733"]
[BlackElo "1770"]
[PlyCount "99"]
[EventDate "2009.07.04"]
[EventType "swiss"]
[EventRounds "9"]
[EventCountry "FRA"]
[SourceTitle "EXT 2010"]
[Source "ChessBase"]
[SourceDate "2010.11.25"]
[SourceVersion "1"]
[SourceVersionDate "2010.11.25"]
[SourceQuality "1"]

1. e4 g6 2. d4 Bg7 3. f4 d5 4. e5 h5 5. Bd3 Nh6 6. Nf3 Bg4 7. h3 Bxf3 8. Qxf3 e6 9. Be3 Nd7 10. Nd2 Bf8 11. Ke2 Nf5 12. g4 Nxe3 13. Qxe3 c5 14. c3 Qb6 15. Rab1 0-0-0 16. g5 Nb8 17. Rhc1 Nc6 18. Nf3 Kb8 19. a3 c4 20. Bc2 Ne7 21. Nd2 Nc6 22. Kf3 Qc7 23. a4 Na5 24. Qe2 Be7 25. Kg2 Rc8 26. Bd1 Qc6 27. Nf3 Rc7 28. Nh4 Rhc8 29. Bc2 Qe8 30. Ra1 Rc6 31. Kh2 Rb6 32. Rcb1 Rcc6 33. Qf3 Nb3 34. Bxb3 Rxb3 35. Qd1 Ra6 36. a5 Qb5 37. Qc2 Rxa5 38. Rxa5 Qxa5 39. Nxg6 fxg6 40. Qxg6 Qb6 41. Qe8+ Bd8 42. g6 Rxb2+ 43. Rxb2 Qxb2+ 44. Kg1 Qc1+ 45. Kg2 Qd2+ 46. Kg1 Qe1+ 47. Kg2 Qe2+ 48. Kg1 Qe1+ 49. Kg2 Qe4+ 50. Kg1 1/2-1/2

[Event "FRA-ch Juniors op"]
[Site "Aix les Bains"]
[Date "2009.04.24"]
[Round "7"]
[White "Martin, Axel"]
[Black "Devaux, Matthieu"]
[Result "1-0"]
[WhiteElo "1719"]
[BlackElo "1610"]
[PlyCount "89"]
[EventDate "2009.04.19"]
[EventType "swiss"]
[EventRounds "9"]
[EventCountry "FRA"]
[SourceTitle "CBM 130 Extra"]
[Source "ChessBase"]
[SourceDate "2009.07.02"]
[SourceVersion "2"]
[SourceVersionDate "2009.07.15"]
[SourceQuality "1"]

1. e4 e6 2. d4 d5 3. exd5 exd5 4. Nf3 Nf6 5. c4 dxc4 6. Bxc4 Be7 7. 0-0 0-0 8. Nc3 Bg4 9. Re1 Nc6 10. d5 Nb8 11. Qd3 Nbd7 12. Nd4 Bd6 13. f4 Nc5 14. Qf1 a5 15. Bd2 Bd7 16. h3 Nh5 17. g4 Nf6 18. Qf3 Ne8 19. Rad1 Qf6 20. Bc1 Rc8 21. a3 c6 22. b4 axb4 23. axb4 cxd5 24. Nxd5 Qd8 25. bxc5 Bxc5 26. Bb3 Bc6 27. Kh2 Nc7 28. Nxc6 bxc6 29. Ne7+ Qxe7 30. Rxe7 Bxe7 31. Rd7 Nd5 32. Bxd5 cxd5 33. Rxe7 Rxc1 34. Qxd5 Rc2+ 35. Kg3 Rc3+ 36. Kh4 Rcc8 37. Rd7 Rb8 38. f5 Rb6 39. g5 Rb4+ 40. Kg3 Rb6 41. h4 h6 42. g6 Kh8 43. Qxf7 Rg8 44. Qxg8+ Kxg8 45. Rd8# 1-0

[Event "Le Touquet op-A"]
[Site "Le Touquet"]
[Date "2008.10.26"]
[Round "2"]
[White "Cappon, John"]
[Black "Martin, Axel"]
[Result "1-0"]
[WhiteElo "2222"]
[BlackElo "1704"]
[PlyCount "77"]
[EventDate "2008.10.25"]
[EventType "swiss"]
[EventRounds "9"]
[EventCountry "FRA"]
[SourceTitle "EXT 2009"]
[Source "ChessBase"]
[SourceDate "2008.11.26"]
[SourceVersion "1"]
[SourceVersionDate "2008.11.26"]
[SourceQuality "1"]

1. e4 e5 2. Nc3 Bc5 3. Bc4 Nf6 4. d3 c6 5. Qf3 b5 6. Bb3 a5 7. a4 b4 8. Nce2 d6 9. Bg5 Nbd7 10. Ng3 h6 11. Bd2 Nf8 12. Nh5 Rh7 13. h3 Ne6 14. Nxf6+ Qxf6 15. Qxf6 gxf6 16. Ne2 h5 17. 0-0 Ng7 18. Kh2 f5 19. f4 fxe4 20. fxe5 d5 21. dxe4 Ba6 22. Rae1 Ne6 23. Rf6 Rd8 24. exd5 cxd5 25. Nf4 Nxf4 26. Bxf4 Bb7 27. c3 d4 28. e6 fxe6 29. Rfxe6+ Re7 30. Bg5 Rxe6 31. Rxe6+ Kd7 32. Bxd8 Kxd8 33. cxd4 Ba7 34. d5 Bb8+ 35. Kg1 Kd7 36. Rh6 Ba7+ 37. Kf1 h4 38. Bc4 Bd4 39. b3 1-0